LEADER 00875cam0-2200325---450- 001 990004790630403321 005 20090115123749.0 035 $a000479063 035 $aFED01000479063 035 $a(Aleph)000479063FED01 035 $a000479063 100 $a19990604d1971----km-y0itay50------ba 101 0 $aeng 102 $aGB 105 $a----a---001yy 200 1 $aNaturalism$fLilian R. Furst and Peter N. Skrine 210 $aLondon$cMethuen$d1971 215 $a81 p.$d20 cm 225 1 $a<>critical idiom$v18 610 0 $aNaturalismo in letteratura 676 $a809.912 700 1$aFurst,$bLilian R.$0131726 701 1$aSkrine,$bPeter N.$0201168 801 0$aIT$bUNINA$c20070306$gRICA$2UNIMARC 901 $aBK 912 $a990004790630403321 952 $a809.912 FUR 1$fFLFBC 959 $aFLFBC 996 $aNaturalism$9561863 997 $aUNINA LEADER 01015cam0-2200337---450 001 990008498700403321 005 20240422124441.0 020 $aIT$b744690 035 $a000849870 100 $a20070404d1974----km-y0itay50------ba 101 0 $aita 102 $aIT 105 $ay-------001yy 200 1 $aAntropologia culturale e analisi della cultura subalterna$fLuigi M. Lombardi Satriani 210 $aRimini$cGuaraldi$d1974 215 $a199 p.$d17 cm 225 1 $a<>scienze dell'uomo$v13 610 0 $aAntropologia culturale$aCultura subalterna 676 $a301$v21$zita 676 $a306.01 700 1$aLombardi Satriani,$bLuigi M.$f<1936- >$02875 801 0$aIT$bUNINA$gRICA$2UNIMARC 901 $aBK 912 $a990008498700403321 952 $a300 LOMB 01$bBibl. 586$fFLFBC 952 $aVIT / LOM 2$b3143$fBFS 952 $aMAR / LOM 1$b10038$fbfs 959 $aFLFBC 959 $aBFS 996 $aAntropologia culturale e analisi della cultura subalterna$9141738 997 $aUNINA